000 00706cam a2200217 4500
001 B902
008 090401t1987 xxu||||| |||| 00| 0 eng d
035 _a(Sirsi) u38621
041 _aeng
050 _a333.0062
090 _aRICS 1987/7ABCD
110 _aRoyal Institution of Chartered Surveyors
_94900
245 _aStructure and chartered designations review 1987
260 _c1987
300 _a27p. ; 30cm.
350 _a0
520 _aPapers presented to the General Council at its meeting on 2 March 1987. Richard Luff chaired this committee.Also includes a covering paper prepared by the Executive Committee.
650 _aABOUT RICS-RICS MEMBERS
942 _n0
948 _c04/03/1997
999 _c90671
_d90671